Hi no densetsu,

Saved in:
Bibliographic Details
Main Author: Ishigami, Katashi, 1908-1994.
Format: Book
Language:Japanese
Published: Tōkyō, Hōbunkan Shuppan, Shōwa 42 [1967]
Subjects:
Tags: Add Tag
No Tags, Be the first to tag this record!
LEADER 00691nam a2200217u 4500
001 007716974-3
005 20024617120653.0
008 930809s1967 ja 000 0 jpn d
035 0 |a ocm28589841 
040 |a MoSW  |c MoSW  |d *YNH*  |d CStRLIN 
100 1 |6 880-01  |a Ishigami, Katashi,  |d 1908-1994. 
245 1 0 |6 880-02  |a Hi no densetsu,  |c Ishigami Katashi cho. 
260 |6 880-03  |a Tōkyō,  |b Hōbunkan Shuppan,  |c Shōwa 42 [1967] 
300 |a 268 p. 
650 0 |a Fire  |v Folklore. 
650 0 |a Fire in literature. 
880 1 |6 100-01  |a 石上堅,  |d 1908- 
880 1 0 |6 245-02  |a 火の伝說,  |c 石上堅著. 
880 |6 260-03  |a 東京,  |b 宝文館出版,  |c 昭和42 [1967] 
988 |a 20021217 
906 |0 OCLC